Statistics for Books and Authors Quiz #7

Click here to take the quiz!

General Stats

  • This quiz has been taken 30 times
  • The average score is 7 of 30

Answer Stats

BookAuthor% Correct
Tinker, Tailer, Soldier, SpyJohn le Carre
83%
The Wind in the WillowsKenneth Grahame
65%
Do Androids Dream of Electric Sheep?Philip K. Dick
57%
The World According to GarpJohn Irving
43%
The Very Hungry CaterpillarEric Carle
39%
White TeethZadie Smith
39%
The Secret HistoryDonna Tartt
35%
Lucky JimKingsley Amis
35%
The MoonstoneWilkie Collins
35%
The Remains of the DayKazuo Ishiguro
30%
The Unbearable Lightness of BeingMilan Kundera
30%
Tom JonesHenry Fielding
26%
A Confederacy of DuncesJohn Toole
26%
Of Human BondageW. Somerset Maugham
22%
The Poisonwood BibleBarbara Kingsolver
17%
The Power and the GloryGraham Greene
17%
Father GoriotHonore de Balzac
17%
Memoirs of a GeishaArthur Golden
13%
White NoiseDon DeLillo
13%
Darkness at NoonArthur Koestler
9%
Johnny Got His GunDalton Trumbo
9%
If on a Winter's Night a TravellerItalo Calvino
9%
The Things They CarriedTim O'Brien
9%
Cry, the Beloved CountryAlan Paton
4%
The Accidental TouristAnne Tyler
4%
PossessionA. S. Byatt
4%
RedwallBrian Jacques
4%
MadelineLudwig Bemelmans
4%
The Black StallionWalter Farley
4%
Clifford the Big Red DogNorman Bridwell
0%

Score Distribution

Percentile by Number Answered

Percent of People with Each Score

Your Score History

You have not taken this quiz